000
00328nam a2200145Ia 4500
008
191201s2010 xx 000 0 und d
082
_a
342
_b
BAI
100
_a
BADI,R.V
245
0
_a
Indian Constitution
250
_a
Rep
260
_a
N. Delhi
_b
Vrinda Publications
_c
2010
300
_a
352
650
_a
MBA
942
_2
ddc
_c
BK
999
_c
4673
_d
4673